000 00616nam a2200229 a 4500
005 20140310182427.0
008 021015s19uu xx 00 eng d
020 _a9780071259521
050 _aHD 62.5
_b.H577 2008
100 _aHisrich, Robert D.
245 _aEntrepreneurship /
_cRobert D. Hisrich.
250 _a7th ed.
260 _aU.S.A :
_bMcGraw-Hill, Inc,
_c2008.
300 _a648 p. :
_bcol. ill.
_c26 cm.
521 _aBSBA
650 _aNew business enterprises
650 _aEntrepreneurship
650 _aBusiness
_xplanning
942 _cBK
_2lcc
_kFOR
999 _c13290
_d13290